000 00497nam a2200181Ia 4500
001 5138
005 20260306145846.0
008 260306t2017||||xx |||||||||||||| ||spa||
041 _aESP
082 _a333.91021
_bS745
100 _aSistema Nacional de Estadísticas de Recursos Hídricos
_eAUT
245 0 _aCompendio nacional de estadísticas de recursos hídricos 2016
260 _c2017
300 _a224 páginas :
_c24 cm.
650 _aGEN
654 _aCAN
942 _cLIB
_dJUS
_fJUS
_2ddc
_n
999 _c5138
_d5138